000 01021nam a22002417a 4500
005 20120614170415.0
008 081007t xxu||||| |||| 00| 0 mar d
010 _aMAR-22623
020 _c200.00
_a8186152725
035 _aMR-15281
037 _bD.B.Act /pub
082 _a891.463
100 _949115
_aनलावडे, रामचंद्र
245 _aलाडी /
_cरामचंद्र नलावडे
246 _bby Ramchander Nalavade
_aLadee
260 _aपुणे
_bसुविद्या प्रकाशन
_c2007
270 _bपुणे
_a149,शनिवार पेठ
_e411030
300 _a266पृ.
_c22सेमी(अजिल्द)
650 _aमराठी कादंबरी
_952690
650 _aMarathi Fiction
_952691
942 _2ddc
_cMR
_mनलाव
_h891.463
999 _c70391
_d70391